|
|
|
|
| LEADER |
01236nam a22003254a 4500 |
| 001 |
39120 |
| 003 |
BD-DhAAL |
| 008 |
220731t2000 nyua bs 001 0 eng d |
| 999 |
|
|
|c 44679
|d 44679
|
| 010 |
|
|
|a 00027278
|
| 020 |
|
|
|a 0743203046
|
| 020 |
|
|
|a 0684832836
|
| 020 |
|
|
|a 9780743203043
|
| 040 |
|
|
|a DLC
|c DLC
|d DLC
|d BD-DhAAL
|
| 042 |
|
|
|a pcc
|
| 043 |
|
|
|a n-us---
|
| 050 |
0 |
0 |
|a HN65
|b .P878 2000
|
| 082 |
0 |
0 |
|a 306.0973
|2 21
|
| 100 |
1 |
|
|a Putnam, Robert D.
|9 50402
|
| 245 |
1 |
0 |
|a Bowling alone :
|b the collapse and revival of American community /
|c Robert D. Putnam.
|
| 260 |
|
|
|a New York :
|b Simon & Schuster,
|c c2000.
|
| 300 |
|
|
|a 541 pages :
|b illustrations ;
|c 25 cm.
|
| 504 |
|
|
|a Includes bibliographical references (pages [445]-504) and index.
|
| 541 |
|
|
|a Donated By Akbar Ali Khan
|e 39120
|
| 650 |
|
0 |
|a Social change
|z United States
|x History
|y 20th century.
|9 50403
|
| 650 |
|
0 |
|a Social sciences.
|9 50404
|
| 651 |
|
0 |
|a United States
|x Social conditions
|y 1945-
|9 50405
|
| 852 |
|
|
|a Ayesha Abed Library
|c Akbar Ali Khan Collection
|
| 942 |
|
|
|2 ddc
|c BK
|
| 952 |
|
|
|0 0
|1 0
|2 ddc
|4 0
|6 306_097300000000000_PUT
|7 1
|9 71404
|a BRACUL
|b BRACUL
|c AAKC
|d 2022-07-31
|e Donated by Akbar Ali Khan
|l 0
|o 306.0973 PUT
|p 3010039120
|r 2022-07-31
|t 1
|w 2022-07-31
|y BK
|